| 000 | 00529nam a2200181Ia 4500 | ||
|---|---|---|---|
| 999 |
_c20423 _d20423 |
||
| 003 | OSt | ||
| 005 | 20200610112054.0 | ||
| 008 | 190216s9999||||xx |||||||||||||| ||und|| | ||
| 020 | _a8171510574 | ||
| 040 | _coclc | ||
| 082 |
_a297 _bMAR/J |
||
| 100 |
_aMargoliouth, D S _92327 |
||
| 245 | 0 |
_aJurji Ziyadan's History Of Islamic Civilization / _c D S Margoliouth |
|
| 260 |
_bKitab Bhavan, _c1994. _aNew Delhi: |
||
| 300 | _a323p | ||
| 650 | _aIslamic History | ||
| 942 |
_cBK _2ddc _h297 _iMAR/J _k297 _mMAR/J |
||